000 00296nam a22001457a 4500
008 210309b ||||| |||| 00| 0 eng d
020 _a9781111426736
041 _aeng
080 _a51
082 _a51
100 _a36
101 _aMAT
245 _aCalculus
_cStewart, J
942 _2udc
_cBK
999 _c56075
_d56075